000 01281cam a22003497a 4500
003 CHAP
005 20220817041806.0
008 971013s1968 r 00010 d
010 _a24639
011 _a25611
035 _a29711
040 _cCHAP
090 _aFolleto 7 (1966)
110 _aComité Mixto FAO/OMS de Expertos en Aditivos Alimentarios
_925891
245 0 _aNormas de identidad y pureza para los aditivos alimentarios y evaluación de su toxicidad
_b: emulsificantes, estabilizadores y otras sustancias
260 _aRoma :
_bFAO,
_c1968
300 _a56 p.
490 0 _aFAO. Reuniones sobre nutrición
_v; 43
590 _aBATCH-UPD
_b10
_c20130110
_lUCH01
_h1448
590 _aBATCH-UPD
_b10
_c20130410
_lUCH01
_h0916
590 _aBATCH-UPD
_b10
_c20130913
_lUCH01
_h2010
590 _aCONVERSION
_b10
_c20130109
_lUCH01
_h1314
650 1 4 _aAditivos alimenticios.
_9907
710 0 _aFAO.
710 0 _aOrganización Mundial de la Salud.
_983555
830 0 _aFAO. Reuniones sobre nutrición
_v; 43
_939679
901 _aBK
942 _cFOLL
949 _aFolleto 7 (1966)
_bBC
_cFAO
_d-68685
_eFAO1
_i29711
_mD
_si
949 _aFolleto 7 (1966)
_bBC
_cFAO
_d-68686
_eFAO2
_fc.2
_i29711
_mD
_si
949 _aFolleto 7 (1966)
_bBC
_cFAO
_d-68687
_eFAO2
_fc.3
_i29711
_mD
_si
999 _c24639
_d24639